| 000 | 00522 a2200193 4500 | ||
|---|---|---|---|
| 001 | 108894 | ||
| 020 | _a9780133120134 | ||
| 041 | _apor | ||
| 082 | _aP Year 4 500 | ||
| 300 | _a1 v. (unpaged) | ||
| 697 | _aScience - Study and teaching. | ||
| 700 | _aDoepker, Chris [et.al.] | ||
| 856 | _u000026/000026a8.jpg | ||
| 040 |
_aBR-BrIDEA _cBR-BrIDEA |
||
| 090 |
_aP Year 4 500 _bDOE |
||
| 245 | 1 | 0 |
_aPearson science 4 _bteacher“s resource _cChris Doepker [et.al.] |
| 260 |
_a[S.l.] _bPearson Canada _c2013 |
||
| 942 | _cBK | ||
| 999 |
_c108894 _d108894 |
||